Integration of natural language and vision processing

Αποθηκεύτηκε σε:
Λεπτομέρειες βιβλιογραφικής εγγραφής
Άλλοι συγγραφείς: Mc Kevitt, Paul (Επιμελητής έκδοσης)
Μορφή: Βιβλίο
Γλώσσα:English
Δημοσίευση: Dordrecht : Kluwer Academic Publishers, c1995-c1996
Θέματα:
Ετικέτες: Προσθήκη ετικέτας
Δεν υπάρχουν, Καταχωρήστε ετικέτα πρώτοι!

MARC

LEADER 00000nam a2200000 i 4500
001 1/66187
008 990115s19951996 eng d
020 |a 0792337581 (v.2) 
020 |a 0792339444 (v.3) 
020 |a 0792341147 (v.4) 
035 |l 10047262 
040 |a GR-MY-UA  |b gre  |e aacr 
041 0 |a eng 
082 0 |a 006.35 
245 1 0 |a Integration of natural language and vision processing /  |c edited by Paul Mc Kevitt 
260 |a Dordrecht :   |b Kluwer Academic Publishers,   |c c1995-c1996 
300 |a v.;  |b ill.;  |c 25 cm. 
500 |a "Reprinted from Artificial intelligence review, volume 9, nos. 2-3, 1995." -- v.2. 
500 |a "Reprinted from Artificial intelligence review, volume 9, nos. 4-5 and volume 10, nos. 1-2, 1995-1996." -- v.3 
500 |a "Reprinted from Artificial intelligence review, volume 9, nos. 4-5 and volume 10, nos. 3-4, 1996." -- v.4 
500 |a Includes bibliography 
505 0 |a v.2: Intelligent multimedia -- v.3: Theory and grounding representations -- v.4: Recent advances 
650 0 0 |a Natural language processing (Computer science) 
650 0 0 |a Computer vision. 
700 0 |a Mc Kevitt, Paul.  |4 edt 
740 0 2 |a Intelligent multimedia 
740 0 2 |a Theory and grounding representations 
740 0 2 |a Recent advances 
852 |a INST  |b SAMOS  |e 19990115  |h 006.35 INT  |p 005300013562  |q 005300013562  |t BK  |y 0  |z v.3 
852 |a INST  |b SAMOS  |e 19990115  |h 006.35 INT  |p 005300013563  |q 005300013563  |t BK  |y 0  |z v.2 
852 |a INST  |b SAMOS  |e 19990115  |h 006.35 INT  |p 005300013564  |q 005300013564  |t BK  |y 0  |z v.4 
852 |a INST  |b SAMOS  |e 19990115  |h 006.35 INT  |p 005300013562  |q 005300013562  |t BK  |v v.3:  |y 0  |z v.3 
852 |a INST  |b SAMOS  |e 19990115  |h 006.35 INT  |p 005300013563  |q 005300013563  |t BK  |v v.2:  |y 0  |z v.2 
852 |a INST  |b SAMOS  |e 19990115  |h 006.35 INT  |p 005300013564  |q 005300013564  |t BK  |v v.4:  |y 0  |z v.4 
853 |a INST  |b SAMOS  |h 006.35 INT 
901 |a BIBL-1999-1 
909 |a Σ  |b 061823 
909 |a Σ  |b 061824 
909 |a Σ  |b 061822 
922 |a 3ΕΛΗ  |b 199812  |c ΤΠΕΣ  |d ΠΑΠΑΣΩΤΗΡΙΟΥ